| 000 | 00669nam a22002177i 4500 | ||
|---|---|---|---|
| 001 | 105709 | ||
| 003 | ES-MaACL | ||
| 005 | 20230906183944.0 | ||
| 007 | t| | ||
| 008 | 060809s1960 mx |||| |dspa d | ||
| 080 | _a94(460)"1931/39" | ||
| 100 | 1 |
_aAlba, Víctor. _919198 |
|
| 245 | 1 | 0 |
_aHistoria de la Segunda República Española / _cVíctor Alba. |
| 260 |
_aMéxico, D.F : _bLibro Mex, _c1960. |
||
| 300 |
_a411 p ; _c20 cm. |
||
| 500 | _aCronología. | ||
| 500 | _aÍndice analítico. | ||
| 504 | _aBibliografía: p. 389-395. | ||
| 651 | 4 |
_aEspaña- _xHistoria- _y1931-1939, II República. _98283 |
|
| 852 |
_aES-MaACL _jAND-525 _z. - Biblioteca Juan Andrade |
||
| 999 |
_c105709 _d105709 |
||